Normal view
MARC view
- Sana Nafees
Entry Personal Name
001 - CONTROL NUMBER
- control field: 105979
003 - CONTROL NUMBER IDENTIFIER
- control field: NUST
005 - DATE AND TIME OF LATEST TRANSACTION
- control field: 20221226155621.0
008 - FIXED-LENGTH DATA ELEMENTS
- fixed length control field: 221226|| aca||aabn | a|a d
040 ## - CATALOGING SOURCE
- Original cataloging agency: NUST
- Transcribing agency: NUST
100 ## - HEADING--PERSONAL NAME
- Personal name: Sana Nafees
670 ## - SOURCE DATA FOUND
- Source citation: Work cat.: (NUST)9243: Sana Nafees., Digital library NIIT , 2000.
